000
00348nam a22001577a 4500
999
_c
532474
_d
532474
003
NUST
005
20191121122743.0
008
191121b ||||| |||| 00| 0 eng d
038
_a
MSOHAIL
082
_a
0
100
_a
A.Singh
_9
26016
245
_a
Water Management
260
_b
Arise Publisher
_c
c2008
300
_a
p;336
942
_2
ddc
_c
BK